00695nam a2200205Ia 450000500170000000800410001702000150005808200130007324501140008625000090020026000580020930000180026765000090028565000170029470000290031170000310034094200060037195200970037799900150047420240603032642.0240331s9999 xx 000 0 und d a0861876644 bROLa342 4aThe role of the judiciary in plural societies :ba publication of the international centre for ethnic studies a1 st aLondonbInternational Centre For Ethnic Studiesc1987 axxi, 193 p ., aLaws aHuman Rights aTiruchelvam, Neelaneedt aCoomaraswamy, Radhikaeedt cL 001040708LaWERCLbWERCLcSSCd2024-03-31l0o 342.7 ROLp3246r2024-03-31w2024-03-31yL c2815d2815